Authors by Last Novel Quiz Stats

Quiz Updated May 9, 2015

Also try: First Novels
Challenge
Share
Tweet
Embed
Score 0/20 Timer 05:00
0 Plays Today
Last Novel Author % Correct
Nineteen Eighty-FourGeorge Orwell
93.3%
The Return of the KingJ.R.R. Tolkien
85.4%
PersuasionJane Austen
69.4%
The Brothers KaramazovFyodor Dostoyevsky
61.9%
The Mystery of Edwin DroodCharles Dickens
59.2%
The Love of the Last TycoonF. Scott Fitzgerald
42.6%
Sleeping MurderAgatha Christie
36.2%
Daniel DerondaGeorge Eliot
24.6%
The Salmon of DoubtDouglas Adams
21.7%
The ReiversWilliam Faulkner
19.9%
Last Novel Author % Correct
The MinpinsRoald Dahl
14.9%
Seymour: An IntroductionJ.D. Salinger
13.2%
The Mysterious StrangerMark Twain
13.2%
Resurrection Leo Tolstoy
9.1%
The Confidence-ManHerman Melville
9%
The Acts of King Arthur and His Noble KnightsJohn Steinbeck
8.8%
Of Love and Other DemonsGabriel García Márquez
8.5%
True At First LightErnest Hemingway
8.1%
Between the ActsVirginia Woolf
8%
Farewell SummerRay Bradbury
3.6%

You're not logged in!

Compare scores with friends on all Sporcle quizzes.
Sign Up with Email
OR
Log In

You Might Also Like...

Show Comments

Extras

Top Quizzes Today


Score Distribution

Your Account Isn't Verified!

In order to create a playlist on Sporcle, you need to verify the email address you used during registration. Go to your Sporcle Settings to finish the process.